| 000 | 00545nam a2200217Ia 4500 | ||
|---|---|---|---|
| 003 | OSt | ||
| 005 | 20250909115052.0 | ||
| 008 | 221004b |||||||| |||| 00| 0 eng d | ||
| 037 | _cTB | ||
| 040 |
_aCRL _cCRL _beng |
||
| 041 |
_2eng _aeng |
||
| 084 |
_aQ4:3 M5 _qCRL |
||
| 100 |
_aIkrda Daisaku _9627232 |
||
| 245 | 0 | _aBudhism and the cosmos | |
| 260 | _c1985 | ||
| 300 |
_a368p. _ccm. |
||
| 650 |
_a BUDDHISM _9820562 |
||
| 650 |
_aRELIGION _9820563 |
||
| 942 |
_hQ4:3 M5 _cTB _2cc _n0 |
||
| 999 |
_c1033692 _d1033692 |
||